| 000 | nam a22 a 4500 | ||
|---|---|---|---|
| 999 |
_c4013 _d4013 |
||
| 003 | AKMAL | ||
| 005 | 20170524155225.0 | ||
| 008 | 170524s1999 my 00 may d | ||
| 020 |
_a9836265481 (kkt.): _cRM15.00 |
||
| 040 |
_aAKMAL _cAKMAL |
||
| 082 | 0 | 4 |
_a899.2313 AMB _221 |
| 090 |
_a899.2313 _bAMB |
||
| 245 | 0 | 0 |
_aAmbalaga : _bantologi pemenang menulis puisi Bahasa Melayu antara institusi/maktab perguruan Malaysia 1996 / _cpenyelenggara Naapie Mat |
| 260 |
_aKuala Lumpur : _bDewan Bahasa dan Pustaka, _c1999 |
||
| 300 | 0 | 0 |
_axvi, 109ms. ; _c22cm |
| 650 | 0 |
_aMalay poetry _97739 |
|
| 700 | 0 |
_aNaapie Mat, _d1957- _97870 |
|
| 942 |
_2ddc _cBOOK |
||